La Estación de Biología Marítima de Santander (Record no. 127932)

MARC details
000 -LEADER
campo de control de longitud fija 00703nam a2200181 i 4500
001 - NÚMERO DE CONTROL
campo de control 127932
003 - IDENTIFICADOR DE NÚMERO DE CONTROL
campo de control ES-MaACL
005 - FECHA Y HORA DE LA ÚLTIMA TRANSACCIÓN
campo de control 20251005063114.0
007 - CAMPO FIJO DE DESCRIPCIÓN FÍSICA--INFORMACIÓN GENERAL
campo de control de longitud fija t|
008 - DATOS DE LONGITUD FIJA--INFORMACIÓN GENERAL
campo de control de longitud fija 070214s1911 sp r ||||1| spa d
100 1# - ENTRADA PRINCIPAL--NOMBRE DE PERSONA
Nombre de persona Rioja y Martín, José,
Fechas asociadas al nombre 1866-1945
9 (RLIN) 97351
245 13 - MENCIÓN DEL TÍTULO
Título La Estación de Biología Marítima de Santander
Resto del título : memoria publicada con motivo del XXV aniversario de su creación /
Mención de responsabilidad, etc. José Rioja Martín.
260 ## - PUBLICACIÓN, DISTRIBUCIÓN, ETC.
Lugar de publicación, distribución, etc. Santander :
Nombre del editor, distribuidor, etc. [s.n.],
Fecha de publicación, distribución, etc. 1911 (
Fabricante Tip. de J. Martínez)
300 ## - DESCRIPCIÓN FÍSICA
Extensión 49 p :
Otras características físicas .il. ;
Dimensiones 24 cm.
610 24 - PUNTO DE ACCESO ADICIONAL DE MATERIA--NOMBRE DE ENTIDAD CORPORATIVA
Nombre de entidad corporativa o nombre de jurisdicción como elemento de entrada Estación de Biología Marítima de Santander.
9 (RLIN) 164682
852 ## - LOCALIZACIÓN
Ubicación ES-MaACL
Número de control de estantería T-1330-F-4
Nota libre .- Ded. ms. de Alberto Segovia
Holdings
Estatus retirado Estado de pérdida Estado de daño No para préstamo Colección Biblioteca de origen Biblioteca actual Ubicación en estantería Fecha de adquisición Fuente de adquisición Total de préstamos Signatura topográfica completa Código de barras Visto por última vez Precio de reemplazo Tipo de ítem Koha
        Colección de folletos Biblioteca del Ateneo de Madrid Biblioteca del Ateneo de Madrid Depósito folletos 17/01/2008     T-1330-F-4 1133246 23/02/2023 23/02/2023 Folleto